000 00973cam a2200277 4500
001 ABS62091
008 000000n2000 000 0 eng u
035 _a(Sirsi) u104986
100 _aLloyd-Brunt, G.
245 _aEstate management and tenant mix
260 _c2000
490 _aSolicitors' Journal
_v144(10) 17 March 2000, 244-247(2)
520 _aIn the light of a recent decision this article advises landlords how they should prepare for and present to tenants refusals of consent to assignment and for change of use.
590 _aABS
650 _aMOSS BROS GROUP PLC V CSC PROPERTIES LTD
650 _aLANDLORD AND TENANT ACT 1988
650 _aLANDLORD AND TENANT ACT 1927
650 _aLANDLORD AND TENANT (COVENANTS) ACT 1995
650 _aTENANT MIX
650 _aCONSENT TO ASSIGN
650 _aCOMMERCIAL LEASES
650 _aREFUSAL
650 _aESTATE MANAGEMENT
690 _aLANDLORD AND TENANT-BUSINESS TENANCIES
942 _n0
999 _c62974
_d62974